01418nam0a22002173i 4500001002000000003000900020005001700029008004100046020002900087040003800116082002900154100005000183245016900233260003300402300002000435490001400455520060000469600003001069630004301099655005801142IT\ICCU\PUV\1123688IT-MiSPE20190403090708.0190403b ||||| |||| 00| 0 eng d a9788889667279c10.00 EUR aIT-MiSPEbitacIT-MiSPEdIT-MiSPE a227.07-ROS fr pa (23244) aRossi de Gasperis, Francesco.d1926-,eautore aPaolo di Tarso evangelo di Gesù.bMessia crocefisso, fatto Signore glorioso mediante la risurrezione dai morti (At 2,36; Rm 1,1-4) /cFrancesco Rossi de Gasperis. aRoma :bLipa,c2008 (2 ed.). a151 p. ;c20 cm aBetelv28 aNon si può diventare cristiani se non cominciando da Gerusalemme. Non esiste rottura tra la fede di Israele e il vangelo di Gesù. Esiste piuttosto una "continuità trasfigurata". Con questa convinzione, Francesco Rossi de Gasperis presenta la figura di Paolo di Tarso, apostolo delle genti, ma prima di tutto evangelista di Israele, rimasto un fariseo zelante anche dopo essere diventato discepolo di Gesù. Paolo, contemplato e studiato come persona-figura di questa unità e continuità trasfigurata, svela come la Nuova Alleanza conduca la Torah di Mosè al suo ultimo rinnovamento.  aPaulus Apostolus,csanto. aBiblia.vN.T.xEpistolae s. Paulilita aSacra Scrittura. xPaolo: spiritualità e formazione